000 00620nam a2200229Ia 4500
003 OSt
005 20220923214735.0
006 a|||||r|||| 00| 0
007 ta
008 220922b |||||||| |||| 00| 0 hin d
024 _a172,152
037 _cTextual
040 _aARTS
_cARTS
_bhin
041 _2hin
_ahin
082 _aO152:3N278:1, L5-;1
100 _aराय, विवेकी
245 0 _aपुरूष पुराण
246 _aPurūṣh purāṇa
260 _c1975
942 _hO152:3N278:1, L5-;1
_cTEXL
_2CC
999 _c326276
_d326276